| 000 | 00452nam a2200181Ia 4500 | ||
|---|---|---|---|
| 005 | 20251122100607.0 | ||
| 008 | 230125s9999 xx 000 0 und d | ||
| 020 | _a9788190646604 | ||
| 041 | _aeng | ||
| 082 |
_a158.1 _bCAR |
||
| 100 | _aCarnegie D | ||
| 245 | _aHow to Win Friends & Influence People | ||
| 260 |
_c2011 _bA & A Publishers _aNew Delhi |
||
| 300 | _a207p | ||
| 500 | _aPersonality Development | ||
| 700 | _aCarnegie D | ||
| 942 | _cBK | ||
| 999 |
_c96858 _d96858 |
||